| 000 | 01138nam0a22002531 4500 | ||
|---|---|---|---|
| 001 | v19\rc\2021539 | ||
| 005 | 20250620004720.0 | ||
| 035 | _a(NLR Aleph) 005101849 | ||
| 090 |
_a7401026 _c7401026 |
||
| 100 | _a20080925d1916 |||y0rusy50 ca | ||
| 101 | 0 | _arus | |
| 102 | _aRU | ||
| 105 | _ay z ||||| | ||
| 200 | 1 |
_aОтчет со дня возникновения Братства по 1 января 1915 года _f... Братство в честь иконы Казан. божия матери по постройке Храма в местности "Княжеская долина" близ. ст. Вырица, Моск.-Виндаво-Рыбин. ж. д., Царскосел. уезда, Петрогр. губ. |
|
| 210 |
_aПетроград _d1916 |
||
| 215 | _a58 с. | ||
| 532 | 1 | 1 | _aОтчет со дня возникновения Братства по первое января 1915 года |
| 710 | 0 | 2 | _aВырицкое Казанское братство |
| 801 | 0 |
_aRU _bNLR _gpsbo |
|
| 801 | 0 |
_aRU _bRuMoRGB _2psbo |
|
| 801 | 1 |
_aRU _bProSoft-M _2rusmarc |
|
| 852 |
_aNLR _j17.140.2.30 |
||
| 942 | _cBOOK | ||
| 980 | _aNB | ||